| 000 | 00733cam a2200253 a 4500 | ||
|---|---|---|---|
| 008 | |||
| 020 | _a0070849269 (hbk.) | ||
| 049 | _aMAIN | ||
| 090 |
_aHG8059 _bARD |
||
| 100 | 1 | _aArdis, Patrick. | |
| 245 | 1 | 0 |
_aRisk management : _bcomputers, fraud, and insurance / _cPatrick M. Ardis and Michael J. Comer. |
| 260 |
_aLondon : _bMcGraw-Hill, _cc1987. |
||
| 300 |
_avii, 559 p. : _bill. ; _c24 cm. |
||
| 500 | _aIncludes index. | ||
| 650 | 0 | _aBusiness insurance. | |
| 650 | 0 | _aRisk management. | |
| 650 | 0 | _aFraud. | |
| 700 | 1 | _aComer, Michael J. | |
| 907 |
_a.b10301380 _b06-12-11 _c12-10-11 |
||
| 003 | |||
| 005 | 20230123125329.0 | ||
| 040 | _cNUST | ||
| 942 |
_cBOOKS _kHG8059 _mARD |
||
| 999 |
_c139670 _d139670 |
||